Gaming Quiz

Random Gaming or Pokémon Quiz

A Pokémon Predicament Quiz Stats

 Plays Quiz Updated Feb 27, 2019

Score 0/25 Timer 08:00
2 Plays Today
% Correct
Correct! Charizard's hide is orange, not purple.
96.2%
Correct! Team Rocket didn't get their hands on Pikachu, as usual!
95%
Correct! Ponyta's fiery manes are red and yellow.
90.1%
Correct! All is well with our Bulbasaur.
89.7%
Correct! Magikarp uses Splash! But nothing happened.
89.4%
Correct! Shellder got in his shell in the nick of time, avoiding harm.
88.9%
Correct! Voltorb should look like a Pokéball, red and white.
87.4%
Correct! Hitmonchan's gloves are red, not yellow.
86.3%
Correct! Tentacruel is too cool for DNA alteration.
85.8%
Correct! Team Rocket was too tired to grab Jigglypuff.
85.5%
Correct! Haunter is purple, not green.
84.3%
Correct! Not a single polygon of his body was altered.
83.8%
Correct! Weedle isn't quite a priority for Team Rocket.
82.1%
% Correct
Correct! The tips of his magnets are red and blue, not yellow.
81.9%
Correct! The area around the core should be yellow.
81.8%
Correct! Tangela's feet are pink, not yellow.
80.4%
Correct! Lickitung's tung is pink, not purple.
79.7%
Correct! Kabuto is exactly the way he was when they dug him up.
79.3%
Correct! Pidgeotto's blue tailfeathers should be yellow.
79.1%
Correct! Farfetch'd's favorite leek is green, not red.
78.4%
Correct! Your seaking has paid off!
76.3%
Correct! He was aware of the danger before it even entered the room.
72.5%
Correct! The baby Kangaskhan should be blueish, not red.
64.3%
Correct! This Pokémon is in perfect condition.
54.3%
Correct! Arbok's markings are red, not pink.
42.2%

You're not logged in!

Compare scores with friends on all Sporcle quizzes.
OR
Log In

You Might Also Like...

Show Comments

Extras

Top Quizzes Today


Score Distribution

Your Account Isn't Verified!

In order to create a playlist on Sporcle, you need to verify the email address you used during registration. Go to your Sporcle Settings to finish the process.

Report this User

Report this user for behavior that violates our Community Guidelines.

Details: